Loading...
| Science - Biology | 0 | 4 | 1 | 1 | 35 | 83 | 102.50 | 3 | 4 |
| Religion | 0 | 2 | 1 | 0 | 15 | 106 | 124.50 | 0 | 2 |
| History - American History | 0 | 1 | 0 | 0 | 10 | 117 | 117.00 | 0 | 1 |
| History - World History | 0 | 1 | 0 | 0 | 10 | 90 | 90.00 | 1 | 1 |
| Fine Arts - Visual Fine Arts | 0 | 1 | 0 | 0 | 10 | 131 | 131.00 | 1 | 1 |
| Current Events | 0 | 1 | 0 | 0 | 10 | 78 | 78.00 | 0 | 1 |
| Literature - European Literature | 0 | 1 | 0 | 0 | 10 | 134 | 134.00 | 0 | 1 |
| Mythology | 0 | 1 | 0 | 1 | 10 | 149 | 149.00 | 0 | 1 |
| History - Ancient History | 0 | 1 | 1 | 0 | 5 | 144 | 144.00 | 0 | 1 |
| Geography | 0 | 1 | 1 | 1 | 5 | 145 | 145.00 | 0 | 1 |
| Fine Arts - Auditory Fine Arts | 0 | 0 | 0 | 0 | 0 | 0.00 | 0 | 0 | |
| Literature - World Literature | 0 | 0 | 1 | 0 | -5 | 0.00 | 0 | 0 |